000 02977cam a2200625 i 4500
001 23702033
003 MaObMVR
005 20251017134431.0
008 240810t20252025nyub e 000 1 eng d
010 _a 2024939056
020 _a9780316577229
_qtrade paperback)
020 _a0316577227
_q(trade paperback)
035 _a(OCoLC)1451659487
035 _a23702033
040 _aYDX
_beng
_erda
_cYDX
_dUAG
_dHBP
_dOCLCO
_dJQF
_dOJ4
_dTH8
_dSO$
_dGP5
_dMWD
_dNGU
_dSDD
_dOCLCQ
_dVLR
_dDLC
042 _alccopycat
050 0 0 _aPR6108.O335
_bR38 2025
082 0 4 _a813.54
_223
082 0 4 _a823.92
_223
100 1 _aHodgson, Antonia,
_eauthor.
_955199
245 1 4 _aThe raven scholar /
_cAntonia Hodgson.
250 _aFirst edition.
300 _a660 pages :
_bmaps ;
_c24 cm.
490 1 _aEternal path trilogy ;
_vBook one
500 _aIncludes an excerpt from The mercy makers by Tessa Gratton.
520 _a"Let us fly now to the empire of Orrun, where after twenty-four years of peace, the reign of Bersun the Brusque has come to an end. In the dizzying heat of midsummer, seven exceptional warriors, thinkers, strategists compete to replace him. When one of them is murdered, it falls to Neema Kraa, the emperor's brilliant, idiosyncratic High Scholar, to find the killer and fight for the throne. Neema believes she is alone. But we are here to help; all she has to do is let us in. If she succeeds, we will win an empire. If she fails, death awaits her. But we won't let that happen."--
650 0 _aEmperors
_vFiction.
_99672
650 0 _aCompetition
_vFiction.
_941715
650 0 _aMurder
_vFiction.
650 0 _aScholars
_vFiction.
_940999
650 0 _aInheritance and succession
_vFiction.
650 0 _aRavens
_vFiction.
_955200
650 0 _aImaginary wars and battles
_vFiction.
650 6 _aEmpereurs
_vRomans, nouvelles, etc.
_955201
650 6 _aMeurtre
_vRomans, nouvelles, etc.
_955202
650 6 _aSavants
_vRomans, nouvelles, etc.
_955203
650 6 _aSuccessions et héritages
_vRomans, nouvelles, etc.
_955204
650 6 _aCorbeaux
_vRomans, nouvelles, etc.
_955205
650 6 _aGuerres et batailles imaginaires
_vRomans, nouvelles, etc.
_955206
650 7 _aFICTION / Fantasy / Epic.
_2bisacsh
_955207
650 7 _aFICTION / Fantasy / Dark Fantasy.
_2bisacsh
_955208
650 7 _aFICTION / Fantasy / Action & Adventure.
_2bisacsh
_955209
650 7 _aEmperors
_vFiction.
_2sears
_99672
650 7 _aContests
_vFiction.
_2sears
650 7 _aImperialism
_vFiction.
_2sears
_939250
650 7 _aHomicide
_vFiction.
_2sears
_943208
650 7 _aFantasy fiction.
_2sears
655 7 _aNovels.
_2lcgft
655 7 _aFantasy fiction.
_2lcgft
655 7 _aRomans.
_2rvmgf
_940739
800 1 _aHodgson, Antonia.
_tEternal path trilogy ;
_vBook one.
_955210
906 _a0
_bibc
_ccopycat
_d2
_eepcn
_f20
_gy-gencatlg
942 _2ddc
_cBK
999 _c129384
_d129384